000 00266nam a22001217a 4500
003 SGT
082 _a614
_bA19R
100 _aREDHU, ANIL
245 _aA STUDY ON EVALUATION OF PERFORMANCE
260 _aSGTU
_c2019
650 _aCOMMUNITY MEDICINE
942 _2ddc
_cTH
999 _c20552
_d20552